书目信息 |
| 题名: |
VCD/DVD检测数据大全
|
|
| 作者: | 梅志红 主编 | |
| 分册: | 续集 | |
| 出版信息: | 南昌 江西科学技术出版社 2000 |
|
| 页数: | 39,618页 | |
| 开本: | 20cm | |
| 丛书名: | ||
| 单 册: | ||
| 中图分类: | TN946.5 | |
| 科图分类: | ||
| 主题词: | 激光放像机--检测--数据 , 激光放像机 | |
| 电子资源: | ||
| ISBN: | 7-5390-1750-3 | |
| 000 | 00804nam0 2200229 450 | |
| 001 | 1538621082 | |
| 005 | 20150130104404.95 | |
| 010 | @a7-5390-1750-3@dCNY35.00 | |
| 100 | @a20010120d2000 em y0chiy0110 ea | |
| 101 | 0 | @achi |
| 102 | @aCN@b360000 | |
| 105 | @ak igz 001yy | |
| 200 | 1 | @aVCD/DVD检测数据大全@9VCD/DVD jian ce shu ju da quan@h续集@f梅志红主编 |
| 210 | @a南昌@c江西科学技术出版社@d2000 | |
| 215 | @a39,618页@d20cm | |
| 330 | @a本集作者搜集、参阅了大量有关资料,并进行了大量的整机实测,从中筛选出具有代表性的48种机芯(型)。附录备有影碟机常见故障判断表、检修表和影碟机常用三极管参数及代换。 | |
| 606 | 0 | @a激光放像机@x检测@x数据 |
| 606 | 0 | @a激光放像机 |
| 690 | @aTN946.5@v5 | |
| 701 | 0 | @a梅志红@9mei zhi hong@c(女)@4主编 |
| 801 | 0 | @aCN@bTSSF@c20150130 |
| 905 | @aZUCC@dTN946.5@eJY140 | |
| VCD/DVD检测数据大全.续集/梅志红主编.-南昌:江西科学技术出版社,2000 |
| 39,618页;20cm |
| ISBN 7-5390-1750-3:CNY35.00 |
| 本集作者搜集、参阅了大量有关资料,并进行了大量的整机实测,从中筛选出具有代表性的48种机芯(型)。附录备有影碟机常见故障判断表、检修表和影碟机常用三极管参数及代换。 |
| ● |
| 相关链接 |
|
|
|
|
正题名:VCD/DVD检测数据大全
索取号:TN946.5/JY140
 
预约/预借
| 序号 | 登录号 | 条形码 | 馆藏地/架位号 | 状态 | 备注 |
| 1 | 7862373 | 278623731 | 学院路分馆/ [索取号:TN946.5/JY140] | 在馆 |